00915nam a2200229 a 450000100060000000300080000600500170001400800410003103500130007203500190008504000360010404100080014008200200014810000320016824502500020025000150045026000640046530000340052950000470056365000440061070000310065419678BD-RjUL20211209000449.0880808s1913 enk 000 0 eng u a17-01019 a(BD-RjUL)19738 aHEIdm.cdBD-RjULbengcBD-RjUL aeng04a821.7bBLP 19521 aBlake, William,d1757-1827.14aThe poetical works of William Blake :bincluding the unpublished French Revolution, together with the minor Prophetic books, and selections from The four Zoas, Milton, & Jerusalem /cedited with an introduction and textual notes by John Sampson. aOxford ed. a London :bOxford University Press,c1913 [reprinted 1952]. alvi, 453 p. :bill. ;c19 cm. aWith reproductions of original title-pages aBlake, William, -- 1757-1827. -- Poems.1 aSampson, John,d1862-1931.